01574nam a2200385Ia 4500001000800000003000500008005001700013008004100030010001100071020001800082040000900100082002000109245017700129260005900306300001500365400007600380440008400456504002800540590002000568650003000588650002600618650002800644650003800672650003000710650004100740700003800781700003600819700003300855901002000888902000600908905006300914942001500977999001900992952017701011dia_152CHAP20221207120246.0220117s1979 xx 000 0 und d a170582 a0-89158-389-0 cCHAP a338.18 F66 1979 aFood, politics, and agricultural development : case studies in the Public Policy of Rural Modernization /c editores Raymond F. Hopkins, Donald J. Puchala y Ross B. Talbot aEstados Unidos de América :b Westview Press,c1979 axv, 311 p. aWESTVIEW SPECIAL STUDIES IN SOCIAL, POLITICAL, AND ECONOMIC DEVELOMENT. aWestview special studies in social, political, and economic development9121589 aIncluye bibliografías aHD1415 F66 1979 aDesarrollo rural 932067 aFood policy 9147368 aFood security 9147369 aPolítica de alimentos 9147370 aRural development9147371 aSeguridad de los alimentos 9147372 aHopkins, Raymond F., ed. 9147373 aPuchala, Donald J, ed. 9147374 aTalbot, Ross B., ed.9147375 a338.18 F66 1979 aM a5232271979 -usn 8222223322eng16 cLIBRO2ddc c170582d170582 00102ddc4051708GRALaIA_bIA_d2022-01-18eCompra Librería F. / R. 25106 (24/09/1990)g1061.00i108839l0o338.18 F66 1979pdia_001617r2022-01-18 00:00:00t1yLIBRO